| 000 | 00847nam a22003137a 4500 | ||
|---|---|---|---|
| 001 | 0020322 | ||
| 003 | KOHA_MİRAKIL | ||
| 005 | 20260207002255.0 | ||
| 007 | ta | ||
| 008 | 100806b1998 tu |||gr||||#0|||1|tur | | ||
| 020 | _a9753080549 | ||
| 040 |
_aTR-BiSEU _btur _cTR-BiSEU _erda |
||
| 041 | 0 | _atur | |
| 044 | _ctu | ||
| 050 |
_aPL248 _b.I44 1998 |
||
| 100 | 1 | _aİlhan, Uğur. | |
| 245 | 1 |
_aGözlerimdeki çiçekler ıslak/ _cUğur İlhan ; Uğur İlhan. |
|
| 264 | 1 |
_aİstanbul : _bGendaş _c1998 |
|
| 300 | _a136 s. | ||
| 336 |
_ametin _btxt _2rdacontent |
||
| 337 |
_aaracısız _bn _2rdamedia |
||
| 338 |
_acilt _bnc _2rdacarrier |
||
| 490 | 1 |
_aYeni seri ; _v152. |
|
| 490 | 1 |
_aTürk edebiyatı ; _v7. |
|
| 830 | 1 |
_aYeni seri ; _v152. _95346 |
|
| 830 | 1 |
_aTürk edebiyatı ; _v7. _922940 |
|
| 907 | _aRoman | ||
| 942 |
_2lcc _cBK |
||
| 999 |
_c20279 _d20279 |
||